Enciclopedia Gesta de autores de la literatura boliviana
Αποθηκεύτηκε σε:
| Κύριος συγγραφέας: | |
|---|---|
| Μορφή: | Βιβλίο |
| Γλώσσα: | Ισπανικά |
| Έκδοση: |
La Paz
Plural
2005
|
| Έκδοση: | 2a. ed |
| Θέματα: | |
| Ετικέτες: |
Προσθήκη ετικέτας
Δεν υπάρχουν, Καταχωρήστε ετικέτα πρώτοι!
|
MARC
| LEADER | 00000nam a2200000 a 4500 | ||
|---|---|---|---|
| 001 | UCH3401 | ||
| 003 | CL-VaPUC | ||
| 008 | 090723e20050000BO |||||||||||||||||spa|d | ||
| 020 | |a 9990563624 | ||
| 082 | 0 | 4 | |a 603 |b BLA |2 21 |
| 100 | 0 | |a Blanco Mamani, Elías |e author |9 538736 | |
| 245 | 1 | 0 | |a Enciclopedia Gesta de autores de la literatura boliviana |
| 250 | |a 2a. ed | ||
| 300 | |a 210 p | ||
| 942 | |c BK | ||
| 945 | |d 20090723 00:00:00 |a dcastane | ||
| 260 | |a La Paz |b Plural |c 2005 | ||
| 650 | 0 | |a Diccionarios |9 256200 | |
| 650 | 0 | |a Enciclopedias |9 264135 | |
| 583 | |a last modification |c 20090723 00:00:00 |k Rodrigo Vera | ||
| 999 | |c 334970 |d 334968 | ||
| 952 | |0 0 |1 0 |4 0 |6 603_000000000000000_BLA_2005 |7 0 |8 X |9 424416 |a FDOBUD |b FDOBUD |d 2019-11-22 |i 4578546 |o 603 BLA 2005 |p 4578546 |r 2019-11-22 |w 2019-11-22 |y BK_X |k BUD | ||